National Anthem of Malaysia - Negaraku - Statistics

General Stats
  • This quiz has been taken 17 times
  • The average score is 21 of 25
Answer Stats
Lyrics % Correct
kita,
100%
kita,
100%
Bersatu
91%
dan
91%
darahku,
91%
kurniakan,
91%
kurniakan,
91%
maju!
91%
Negaraku,
91%
Raja
91%
Raja
91%
Selamat
91%
Tanah
91%
Tuhan
91%
Tuhan
91%
tumpahnya
91%
bahagia,
82%
bahagia,
82%
hidup,
82%
Rahmat
82%
Rahmat
82%
Rakyat
82%
bertakhta!
64%
bertakhta!
64%
Selamat
45%
No matching quizzes found
Score Distribution
Percent of People with Each Score
Percentile by Number Answered
Your Score History
You have not taken this quiz